000 00312 a2200109 4500
001 ART_43834
005 20260410161953.0
008 260409a
245 1 0 _aEl pagaré rasgado
100 1 _aChiappini, Julio O.
773 0 _tTemas de derecho comercial
_g- Año 3, Nº 9 (sep. 2017)
_wREV28151
999 _c30552
_d30552